000 00583nam a2200241Ia 4500
003 OSt
005 20221005130756.0
006 a|||||r|||| 00| 0
007 ta
008 221004b |||||||| |||| 00| 0 mar d
024 _a47427
037 _cTextual
040 _aCRL
_cCRL
_bmar
041 _2mar
_amar
082 _aO155,3NSH,1, 31J7
100 _aShah
245 0 _aSamrat Ashokan
260 _c1957
300 _a321
_ccm.
650 _aMARATHI LITERATURE
_938000
942 _hO155,3NSH,1, 31J7
_cTEXL
_2cc
999 _c1058375
_d1058375